Movies Quiz

Random Movies or Letter Quiz
Score 0/20 Timer 05:00
10 Plays Today
% Correct
Bruce Lee - Enter the Dragon
94.2%
Heath Ledger - The Dark Knight
92.6%
Jennifer Lawrence - The Hunger Games
92.2%
Lindsay Lohan - Mean Girls
90.2%
Shia LaBeouf - Transformers
89.2%
Martin Lawrence - Bad Boys
88.6%
Jude Law - Sherlock Holmes
88%
Vivien Leigh - Gone with the Wind
86.3%
Christopher Lee - The Lord of the Rings
84.4%
Sophia Loren - La ciociara
83.7%
% Correct
Jet Li - The Expendables
83.2%
Jessica Lange - Tootsie
80.9%
Frank Langella - Frost|Nixon
80.1%
Lucy Liu - Kill Bill: Vol. 1
79%
Brie Larson - Room
78.8%
Jack Lemmon - The Apartment
73.6%
Jerry Lewis - The King of Comedy
71.4%
Burt Lancaster - Judgment at Nuremberg
68.5%
Jared Leto - Requiem for a Dream
61.4%
Hugh Laurie - Tomorrowland
60.7%
Remove Ads.
Support Sporcle.
Get the best of Sporcle when you Go Orange. This ad-free experience offers more features, more stats, and more fun while also helping to support Sporcle. Thank you for becoming a member.

You're not logged in!

Compare scores with friends on all Sporcle quizzes.
OR
Log In

Show Comments

Extras

Top Quizzes Today


Score Distribution

Your Account Isn't Verified!

In order to create a playlist on Sporcle, you need to verify the email address you used during registration. Go to your Sporcle Settings to finish the process.

Report this User

Report this user for behavior that violates our Community Guidelines.

Details: